000 00690nam a2200229Ii 4500
003 JO-AjNU
008 230605s9999||||xx |||||||||||||| ||und||
017 _a8739
020 _a977-07-222-6
040 _aJO-AjNU
_bara
_erda
_cJO-AjNU
041 _aara
050 1 4 _aB741.K3564 1992
100 3 _aعبد اللطيف، كمال,
_eauthor
_97556
245 0 0 _aفي الفلسفة العربية المعاصرة
250 _aط1
264 3 1 _aالكويت: دار سعاد الصباح، 1992
300 _a136ص
336 _atext
_btxt
_2rdacontent
337 _aunmediated
_bn
_2rdamedia
338 _avolume
_bnc
_2rdacarrier
650 4 _aفلسفة عربية- مقالات
_97557
999 _aA339
_c3907
_d3907